[Event "Liga Madrileña - DH 2012-2013"]
[Site "Madrid ESP"]
[Date "2012.11.25"]
[Round "2.41"]
[White "Anton Guijarro, David"]
[Black "Alcazar Jimenez, Victor Manuel"]
[Result "1-0"]
[WhiteElo "2559"]
[BlackElo "2373"]
[PlyCount "115"]
[EventDate "2012.11.18"]
[EventRounds "14"]
[EventCountry "ESP"]
[Source "lmi"]
[SourceDate "2012.11.18"]
[WhiteTeam "Virgen de Atocha"]
[BlackTeam "Blanco y Negro"]
[WhiteTeamCountry "ESP"]
[BlackTeamCountry "ESP"]

1. d4 Nf6 2. Nf3 e6 3. g3 b6 4. Bg2 Bb7 5. c4 Bb4+ 6. Bd2 Bxd2+ 7. Nbxd2 d6 8.
O-O O-O 9. Qc2 c5 10. Rfd1 cxd4 11. Nxd4 Bxg2 12. Kxg2 Nbd7 13. Nb5 d5 14. cxd5
Rc8 15. Qb1 Nxd5 16. e4 Qg5 17. Nd6 Nf4+ 18. Kf1 Rc6 19. gxf4 Qxf4 20. N6c4 b5
21. Na5 Ra6 22. b4 f5 23. exf5 Rxf5 24. Ne4 Nf6 25. Nxf6+ gxf6 26. Qc2 Kg7 27.
Rd3 Qxh2 28. Rg3+ Qxg3 29. Qxf5 Qh4 30. Qf3 Rd6 31. Rc1 Qg5 32. Qg2 Kg6 33.
Qxg5+ Kxg5 34. Rc5+ Kf4 35. Rxb5 Rd2 36. Kg2 Rxa2 37. Rb7 Rb2 38. Rxh7 e5 39.
Nc6 e4 40. Rh4+ Kf5 41. Rh3 Ke6 42. Rc3 a6 43. Kg3 Kd6 44. Rc4 f5 45. Rc3 Ke6
46. Nd4+ Ke5 47. Nc2 f4+ 48. Kg4 e3 49. fxe3 fxe3 50. Kf3 a5 51. bxa5 Ra2 52.
Nb4 Ra4 53. Nc6+ Kd5 54. Kxe3 Rh4 55. Kd2 Rh2+ 56. Kc1 Rh6 57. Nb4+ Kd4 58. Kb2
1-0

[Event "Liga Madrileña - DH 2012-2013"]
[Site "Madrid ESP"]
[Date "2012.11.25"]
[Round "2.42"]
[White "Alarcia Astriz, Carlos"]
[Black "Arribas Lopez, Angel"]
[Result "0-1"]
[WhiteElo "2335"]
[BlackElo "2477"]
[PlyCount "52"]
[EventDate "2012.11.18"]
[EventRounds "14"]
[EventCountry "ESP"]
[Source "lmi"]
[SourceDate "2012.11.18"]
[WhiteTeam "Blanco y Negro"]
[BlackTeam "Virgen de Atocha"]
[WhiteTeamCountry "ESP"]
[BlackTeamCountry "ESP"]

1. e4 e6 2. d4 d5 3. Nc3 Nf6 4. e5 Nfd7 5. f4 c5 6. Nf3 Nc6 7. Be3 Be7 8. Qd2
O-O 9. O-O-O c4 10. g4 b5 11. Nxb5 Rb8 12. Nd6 Bxd6 13. exd6 Nb6 14. Ne5 Qxd6
15. Nxc6 Qxc6 16. b3 Nd7 17. Qc3 Nf6 18. Rg1 Ne4 19. Qb2 cxb3 20. axb3 Ba6 21.
Bd3 Nc3 22. Rd2 Bxd3 23. Rxd3 Ne2+ 24. Kb1 Nxg1 25. Bxg1 Rfc8 26. Qa3 Qxc2+ 0-1

[Event "Liga Madrileña - DH 2012-2013"]
[Site "Madrid ESP"]
[Date "2012.11.25"]
[Round "2.44"]
[White "Rivera Leon, Mauro Arturo"]
[Black "Rubio Mejia, Luis Ignacio"]
[Result "0-1"]
[WhiteElo "2082"]
[BlackElo "2432"]
[PlyCount "98"]
[EventDate "2012.11.18"]
[EventRounds "14"]
[EventCountry "ESP"]
[Source "lmi"]
[SourceDate "2012.11.18"]
[WhiteTeam "Blanco y Negro"]
[BlackTeam "Virgen de Atocha"]
[WhiteTeamCountry "ESP"]
[BlackTeamCountry "ESP"]

1. e4 c5 2. Nf3 d6 3. d4 cxd4 4. Nxd4 Nf6 5. Nc3 a6 6. Bc4 e6 7. Bb3 Nbd7 8.
Bg5 Qa5 9. Qd2 Be7 10. O-O-O Nc5 11. Rhe1 h6 12. Bxf6 Bxf6 13. Kb1 Qc7 14. f4
Bd7 15. Nf3 O-O-O 16. Qe3 Bc6 17. Nd4 Rhe8 18. e5 dxe5 19. fxe5 Be7 20. Qg3 g6
21. Rf1 Rf8 22. Nxc6 Qxc6 23. Rxd8+ Bxd8 24. a3 Kb8 25. Ka2 h5 26. Rd1 Bc7 27.
Qg5 Nxb3 28. cxb3 Qc5 29. Rd7 Kc8 30. Na4 Qxe5 31. Nb6+ Bxb6 32. Qxe5 Kxd7 33.
b4 Re8 34. a4 Bc7 35. Qe4 Kc8 36. Qc4 Re7 37. b5 axb5 38. Qxb5 e5 39. Qc5 Re8
40. b4 e4 41. b5 b6 42. Qe3 Re6 43. h3 h4 44. Kb3 f5 45. Qe2 e3 46. Qc4 Kd7 47.
Qd5+ Bd6 48. Qb7+ Ke8 49. Qd5 Kf7 0-1

[Event "Liga Madrileña - DH 2012-2013"]
[Site "Madrid ESP"]
[Date "2012.11.25"]
[Round "2.45"]
[White "Rabadan Velasco, Raul"]
[Black "Alba Lineros, Emilio"]
[Result "1-0"]
[WhiteElo "2310"]
[BlackElo "2088"]
[PlyCount "131"]
[EventDate "2012.11.18"]
[EventRounds "14"]
[EventCountry "ESP"]
[Source "lmi"]
[SourceDate "2012.11.18"]
[WhiteTeam "Virgen de Atocha"]
[BlackTeam "Blanco y Negro"]
[WhiteTeamCountry "ESP"]
[BlackTeamCountry "ESP"]

1. Nf3 Nf6 2. c4 b6 3. d4 Bb7 4. e3 e6 5. Bd3 d5 6. O-O Bd6 7. b3 O-O 8. Bb2
Ne4 9. Nbd2 f5 10. Ne5 Nd7 11. cxd5 exd5 12. f3 Nxd2 13. Qxd2 Qe7 14. f4 g6 15.
Qe2 Nf6 16. Bc3 Ne4 17. Be1 a5 18. Rc1 a4 19. b4 c5 20. bxc5 bxc5 21. g4 c4 22.
Bc2 Bc8 23. Rb1 Be6 24. h3 a3 25. Qg2 Kh8 26. Bxe4 dxe4 27. Bb4 Bxb4 28. Nc6
Qd6 29. Nxb4 Rfb8 30. Qd2 fxg4 31. d5 Bd7 32. hxg4 Bxg4 33. Qd4+ Kg8 34. Nc6
Rb2 35. Rxb2 axb2 36. Qxb2 Qa3 37. Qxa3 Rxa3 38. Kf2 Rxa2+ 39. Kg3 h5 40. Ne5
Bf5 41. Rb1 c3 42. Rb8+ Kg7 43. Rb7+ Kf8 44. Rc7 Rd2 45. Rxc3 Rxd5 46. Kh4 Rd6
47. Kg5 Ra6 48. Rc7 Kg8 49. Nc6 Kf8 50. Ne7 Ra3 51. Nxf5 gxf5 52. Kxf5 Rxe3 53.
Rh7 Re1 54. Kf6 Ke8 55. Rh8+ Kd7 56. Rxh5 e3 57. Rd5+ Kc6 58. Re5 Kd6 59. f5 e2
60. Re8 Kd7 61. Re3 Kd8 62. Ke6 Ke8 63. f6 Kf8 64. Re4 Ke8 65. f7+ Kf8 66. Rg4
1-0

[Event "Liga Madrileña - DH 2012-2013"]
[Site "Madrid ESP"]
[Date "2012.11.25"]
[Round "2.46"]
[White "Armenteros Peral, Javier"]
[Black "Rudolf, Anna"]
[Result "0-1"]
[WhiteElo "2031"]
[BlackElo "2324"]
[PlyCount "84"]
[EventDate "2012.11.18"]
[EventRounds "14"]
[EventCountry "ESP"]
[Source "lmi"]
[SourceDate "2012.11.18"]
[WhiteTeam "Blanco y Negro"]
[BlackTeam "Virgen de Atocha"]
[WhiteTeamCountry "ESP"]
[BlackTeamCountry "ESP"]

1. e4 e6 2. d4 d5 3. exd5 exd5 4. Bd3 c5 5. c3 Nc6 6. Ne2 Bd6 7. Be3 c4 8. Bc2
b5 9. Bf4 Nge7 10. Bxd6 Qxd6 11. Ng3 Qe6+ 12. Qe2 O-O 13. Nd2 b4 14. Qxe6 Bxe6
15. Ndf1 Rfb8 16. Ne3 a5 17. a3 Na7 18. axb4 axb4 19. Bf5 Nxf5 20. Ngxf5 Nc6
21. O-O b3 22. Rxa8 Rxa8 23. Ng3 Ra2 24. Nd1 Ne7 25. Re1 Kf8 26. f3 Ng6 27. Re2
Ra1 28. Rd2 Nf4 29. Kf2 g5 30. Nf1 Nd3+ 31. Ke2 f5 32. Nfe3 f4 33. Ng4 Ke7 34.
Ngf2 Nc1+ 35. Ke1 Bf5 36. Kf1 Rb1 37. Ke1 Kd6 38. Kf1 Bc2 39. Ke1 Nd3+ 40. Ke2
Nxb2 41. Nxb2 Rxb2 42. g3 Ra2 0-1

[Event "Liga Madrileña - DH 2012-2013"]
[Site "Madrid ESP"]
[Date "2012.12.02"]
[Round "3.11"]
[White "Alcazar Jimenez, Victor Manuel"]
[Black "Adan Bermudez, Sergio"]
[Result "0-1"]
[WhiteElo "2373"]
[BlackElo "2285"]
[PlyCount "40"]
[EventDate "2012.11.18"]
[EventRounds "14"]
[EventCountry "ESP"]
[Source "lmi"]
[SourceDate "2012.11.18"]
[WhiteTeam "Blanco y Negro"]
[BlackTeam "Pueblo Nuevo"]
[WhiteTeamCountry "ESP"]
[BlackTeamCountry "ESP"]

1. c4 d6 2. Nc3 g6 3. g3 Bg7 4. Bg2 c5 5. e3 Bxc3 6. bxc3 Nc6 7. d3 f5 8. h4
Nf6 9. h5 Qa5 10. hxg6 Qxc3+ 11. Bd2 Qxd3 12. Rxh7 Nxh7 13. Qh5 Be6 14. g7+ Kd7
15. gxh8=Q Rxh8 16. Ne2 Bxc4 17. Nf4 Ng5 18. Nxd3 Rxh5 19. Nf4 Rh2 20. Rc1 b5
0-1

[Event "Liga Madrileña - DH 2012-2013"]
[Site "Madrid ESP"]
[Date "2012.12.02"]
[Round "3.12"]
[White "Fernandez Lledo, Javier"]
[Black "Alarcia Astriz, Carlos"]
[Result "1-0"]
[WhiteElo "2238"]
[BlackElo "2335"]
[PlyCount "97"]
[EventDate "2012.11.18"]
[EventRounds "14"]
[EventCountry "ESP"]
[Source "lmi"]
[SourceDate "2012.11.18"]
[WhiteTeam "Pueblo Nuevo"]
[BlackTeam "Blanco y Negro"]
[WhiteTeamCountry "ESP"]
[BlackTeamCountry "ESP"]

1. Nf3 Nf6 2. c4 e6 3. e3 d5 4. b3 Bd6 5. Bb2 Nbd7 6. Nc3 c6 7. Qc2 Qe7 8. Be2
Ba3 9. Bxa3 Qxa3 10. g4 Nxg4 11. Rg1 Nge5 12. Nxe5 Nxe5 13. f4 Ng6 14. cxd5
exd5 15. f5 Ne7 16. Bd3 g6 17. e4 dxe4 18. Nxe4 Nxf5 19. Qc3 Qf8 20. O-O-O Be6
21. Nf6+ Kd8 22. Bxf5 Bxf5 23. Kb2 Qd6 24. Ne4 Qf8 25. Qf6+ Kd7 26. Qd4+ Kc7
27. Qe5+ Kb6 28. Nd6 Be6 29. Rg5 a5 30. Rc1 h6 31. Qd4+ Kc7 32. Nb5+ Kc8 33.
Rgc5 Ra6 34. Qe5 Qd8 35. Nd6+ Kd7 36. Nxb7 Qb8 37. Qd4+ Ke7 38. Nxa5 Rd8 39.
Qc3 Bd5 40. Re1+ Kd7 41. Qf6 Kc7 42. Re7+ Kb6 43. Rb7+ Qxb7 44. Nxb7 Rd7 45.
Rxd5 Rxd5 46. Nd6 Ra8 47. Nc4+ Kb5 48. a4+ Kc5 49. Qe7+ 1-0

[Event "Liga Madrileña - DH 2012-2013"]
[Site "Madrid ESP"]
[Date "2012.12.02"]
[Round "3.13"]
[White "Alcazar Jimenez, Jesus Alberto"]
[Black "Navarro Nicolas, Victor Manuel"]
[Result "1-0"]
[WhiteElo "2231"]
[BlackElo "2211"]
[PlyCount "81"]
[EventDate "2012.11.18"]
[EventRounds "14"]
[EventCountry "ESP"]
[Source "lmi"]
[SourceDate "2012.11.18"]
[WhiteTeam "Blanco y Negro"]
[BlackTeam "Pueblo Nuevo"]
[WhiteTeamCountry "ESP"]
[BlackTeamCountry "ESP"]

1. e4 e6 2. d4 d5 3. exd5 exd5 4. Nf3 Nc6 5. h3 Nf6 6. Bb5 Bd6 7. Qe2+ Be6 8.
Ng5 Qe7 9. Nxe6 fxe6 10. O-O O-O 11. Bxc6 bxc6 12. Nd2 c5 13. dxc5 Bxc5 14. Nb3
Bd6 15. c4 Ne4 16. Nd2 Nxd2 17. Bxd2 d4 18. Rae1 Rae8 19. Qe4 c5 20. f4 Qf6 21.
f5 exf5 22. Qd5+ Kh8 23. Rxe8 Rxe8 24. Rxf5 Qg6 25. Qf3 h6 26. g4 Kh7 27. Qd3
Re5 28. Kg2 Rxf5 29. Qxf5 Qxf5 30. gxf5 g6 31. fxg6+ Kxg6 32. Kf3 h5 33. Ke4
Kf6 34. Kd5 Be7 35. a3 Kf5 36. b4 cxb4 37. axb4 d3 38. Kd4 Ke6 39. Kxd3 Kd7 40.
Ke4 Ke6 41. b5 1-0

[Event "Liga Madrileña - DH 2012-2013"]
[Site "Madrid ESP"]
[Date "2012.12.02"]
[Round "3.14"]
[White "Barez Menendez, Hector"]
[Black "Rivas Vila, David"]
[Result "1-0"]
[WhiteElo "2163"]
[BlackElo "2213"]
[PlyCount "59"]
[EventDate "2012.11.18"]
[EventRounds "14"]
[EventCountry "ESP"]
[Source "lmi"]
[SourceDate "2012.11.18"]
[WhiteTeam "Pueblo Nuevo"]
[BlackTeam "Blanco y Negro"]
[WhiteTeamCountry "ESP"]
[BlackTeamCountry "ESP"]

1. d4 f5 2. Nf3 Nf6 3. g3 g6 4. Bg2 Bg7 5. O-O O-O 6. c4 d6 7. Nc3 c6 8. d5 Bd7
9. Rb1 Na6 10. b4 Nc7 11. dxc6 Bxc6 12. b5 Ne4 13. Na4 Be8 14. Ng5 Nxg5 15.
Bxg5 Bf7 16. Qc2 Ne6 17. Be3 Qc7 18. b6 axb6 19. Nxb6 Ra3 20. Nd5 Qa5 21. Rxb7
Rxa2 22. Qd3 Ra3 23. Nxe7+ Kh8 24. Qxd6 Rxe3 25. fxe3 Qc3 26. Nd5 Qxc4 27. Rxf7
Rxf7 28. Qxe6 Rf8 29. Nf4 Qc5 30. Qb3 1-0

[Event "Liga Madrileña - DH 2012-2013"]
[Site "Madrid ESP"]
[Date "2012.12.02"]
[Round "3.15"]
[White "Mena Borras, Mario"]
[Black "Nunez Reiz, Antonio"]
[Result "1-0"]
[WhiteElo "2098"]
[BlackElo "2123"]
[PlyCount "115"]
[EventDate "2012.11.18"]
[EventRounds "14"]
[EventCountry "ESP"]
[Source "lmi"]
[SourceDate "2012.11.18"]
[WhiteTeam "Blanco y Negro"]
[BlackTeam "Pueblo Nuevo"]
[WhiteTeamCountry "ESP"]
[BlackTeamCountry "ESP"]

1. e4 c5 2. c4 Nc6 3. Nc3 g6 4. g3 Bg7 5. Bg2 d6 6. d3 Nf6 7. Nge2 Rb8 8. O-O
a6 9. f4 O-O 10. h3 h5 11. Be3 Bd7 12. a4 e6 13. d4 cxd4 14. Nxd4 Qc7 15. b3
Rfe8 16. Qd2 Nxd4 17. Bxd4 Bc6 18. a5 Nd7 19. Bxg7 Kxg7 20. Rfd1 Nc5 21. Ra3 e5
22. f5 b5 23. b4 Nb7 24. cxb5 axb5 25. g4 hxg4 26. hxg4 Qe7 27. Rf1 f6 28. g5
Rf8 29. Nd5 Bxd5 30. exd5 fxg5 31. Be4 g4 32. Rg3 Nd8 33. Rxg4 Rf6 34. fxg6
Rxf1+ 35. Kxf1 Ne6 36. dxe6 Qxe6 37. Rh4 Qc4+ 38. Kg2 Rh8 39. Qf2 Rxh4 40. Qxh4
Qe2+ 41. Kh3 Qe3+ 42. Kh2 Qd2+ 43. Bg2 Kxg6 44. Qe4+ Kf6 45. Kg3 Qg5+ 46. Qg4
Qd2 47. Qf3+ Ke7 48. a6 Qg5+ 49. Qg4 Qe3+ 50. Kh2 Qh6+ 51. Qh3 Qf4+ 52. Qg3
Qh6+ 53. Kg1 Qc1+ 54. Bf1 Qa1 55. Qg7+ Ke6 56. a7 Qd4+ 57. Kh2 Qh4+ 58. Bh3+
1-0

[Event "Liga Madrileña - DH 2012-2013"]
[Site "Madrid ESP"]
[Date "2012.12.02"]
[Round "3.16"]
[White "Nieto de la Cruz, Julio"]
[Black "Aguado Solana, Juan"]
[Result "1/2-1/2"]
[WhiteElo "2111"]
[BlackElo "2082"]
[PlyCount "71"]
[EventDate "2012.11.18"]
[EventRounds "14"]
[EventCountry "ESP"]
[Source "lmi"]
[SourceDate "2012.11.18"]
[WhiteTeam "Pueblo Nuevo"]
[BlackTeam "Blanco y Negro"]
[WhiteTeamCountry "ESP"]
[BlackTeamCountry "ESP"]

1. d4 d5 2. c4 Nc6 3. cxd5 Qxd5 4. e3 e5 5. Nc3 Bb4 6. Bd2 Bxc3 7. bxc3 exd4 8.
cxd4 Nf6 9. f3 O-O 10. Ne2 Re8 11. Kf2 Bf5 12. Nc3 Qd6 13. g4 Bg6 14. Nb5 Qe7
15. g5 Ne4+ 16. fxe4 Qxg5 17. Nc3 Re6 18. h4 Rf6+ 19. Ke2 Bh5+ 20. Kd3 Nb4+ 21.
Kc4 Rc6+ 22. Kxb4 Qe7+ 23. Kb3 Bxd1+ 24. Rxd1 Rh6 25. h5 a5 26. Be2 Rb6+ 27.
Kc2 a4 28. Rb1 Rc6 29. e5 Qa3 30. Rb2 Ra5 31. Rhb1 b6 32. Bf3 Rc4 33. Be2 Rc6
34. Bf3 Rc4 35. Be2 Rc6 36. Bf3 1/2-1/2

[Event "Liga Madrileña - DH 2012-2013"]
[Site "Madrid ESP"]
[Date "2012.12.02"]
[Round "3.21"]
[White "Granda Zuniga, Julio E"]
[Black "Anton Guijarro, David"]
[Result "1-0"]
[WhiteElo "2651"]
[BlackElo "2559"]
[PlyCount "69"]
[EventDate "2012.11.18"]
[EventRounds "14"]
[EventCountry "ESP"]
[Source "lmi"]
[SourceDate "2012.11.18"]
[WhiteTeam "Collado Villalba"]
[BlackTeam "Virgen de Atocha"]
[WhiteTeamCountry "ESP"]
[BlackTeamCountry "ESP"]

1. Nf3 d5 2. g3 Nf6 3. Bg2 Bg4 4. d3 Nc6 5. h3 Bh5 6. Nbd2 e5 7. g4 Bg6 8. Nh4
Bc5 9. e3 a5 10. Nf1 Ng8 11. Nxg6 hxg6 12. c3 Nge7 13. d4 Bd6 14. e4 dxe4 15.
d5 Nb8 16. Bxe4 f5 17. Bc2 Nd7 18. Bg5 e4 19. gxf5 gxf5 20. f3 Ne5 21. fxe4 Qd7
22. Qe2 O-O 23. O-O-O f4 24. Nd2 N7g6 25. Rdf1 a4 26. a3 Ra6 27. h4 Rb6 28. h5
f3 29. Nxf3 Nxf3 30. hxg6 Nxg5 31. Rxf8+ Kxf8 32. Rh8+ Ke7 33. Qf2 Qd8 34. Rxd8
Kxd8 35. e5 1-0

[Event "Liga Madrileña - DH 2012-2013"]
[Site "Madrid ESP"]
[Date "2012.12.03"]
[Round "3.22"]
[White "Arribas Lopez, Angel"]
[Black "Vazquez Igarza, Renier"]
[Result "1/2-1/2"]
[WhiteElo "2477"]
[BlackElo "2565"]
[PlyCount "114"]
[EventDate "2012.11.18"]
[EventRounds "14"]
[EventCountry "ESP"]
[Source "lmi"]
[SourceDate "2012.11.18"]
[WhiteTeam "Virgen de Atocha"]
[BlackTeam "Collado Villalba"]
[WhiteTeamCountry "ESP"]
[BlackTeamCountry "ESP"]

1. Nf3 Nf6 2. d4 b6 3. e3 Bb7 4. Bd3 g6 5. Qe2 c5 6. dxc5 bxc5 7. e4 Bg7 8. e5
Nd5 9. c3 Nc6 10. Na3 O-O 11. h4 d6 12. h5 dxe5 13. Ng5 e4 14. hxg6 hxg6 15.
Bxe4 Qd7 16. Bd2 Nf6 17. O-O-O Rac8 18. Bc2 Nd4 19. cxd4 cxd4 20. Bf4 Nd5 21.
Be5 Qf5 22. Nf3 Nf4 23. Bxf4 d3 24. Rxd3 Ba6 25. Ne1 Qxf4+ 26. Qe3 Qf6 27. Rb3
Rfd8 28. Nb5 Rb8 29. Nc3 Bc4 30. Rxb8 Rxb8 31. Rh3 Qa6 32. Bb1 Be6 33. Rh4 Qb7
34. Qd2 Bf6 35. Rh1 Rc8 36. Nf3 Qb4 37. Bc2 Bxa2 38. Re1 Rb8 39. Bd1 Be6 40.
Re3 a5 41. g3 Kg7 42. Ne5 Rc8 43. Bc2 a4 44. f4 a3 45. bxa3 Qxa3+ 46. Kd1 Qa1+
47. Ke2 Qg1 48. Qe1 Qh2+ 49. Qf2 Qh5+ 50. Kd2 Qh1 51. Ne4 Qa1 52. Rc3 Rd8+ 53.
Rd3 Qa5+ 54. Nc3 Rxd3+ 55. Bxd3 Bxe5 56. fxe5 Qxe5 57. Qe3 Qxe3+ 1/2-1/2

[Event "Liga Madrileña - DH 2012-2013"]
[Site "Madrid ESP"]
[Date "2012.12.02"]
[Round "3.23"]
[White "Moreno Ruiz, Javier"]
[Black "Almagro Llanas, Pablo"]
[Result "0-1"]
[WhiteElo "2492"]
[BlackElo "2442"]
[PlyCount "188"]
[EventDate "2012.11.18"]
[EventRounds "14"]
[EventCountry "ESP"]
[Source "lmi"]
[SourceDate "2012.11.18"]
[WhiteTeam "Collado Villalba"]
[BlackTeam "Virgen de Atocha"]
[WhiteTeamCountry "ESP"]
[BlackTeamCountry "ESP"]

1. d4 Nf6 2. c4 e6 3. Nc3 Bb4 4. e3 b6 5. Nge2 Bb7 6. a3 Bd6 7. d5 exd5 8. cxd5
O-O 9. g3 c5 10. Bg2 Re8 11. O-O Bf8 12. h3 d6 13. b4 Na6 14. Rb1 Nc7 15. bxc5
dxc5 16. e4 Ba6 17. Re1 b5 18. Bf4 b4 19. d6 Ne6 20. axb4 Nxf4 21. gxf4 cxb4
22. Rxb4 Qxd6 23. Rd4 Qb6 24. e5 Rad8 25. Qa4 Rxd4 26. Nxd4 Qb4 27. Qxb4 Bxb4
28. Rc1 Nh5 29. Nd5 Bd2 30. Rc6 Bd3 31. f5 g6 32. f6 Nf4 33. Nxf4 Bxf4 34. e6
fxe6 35. Nxe6 Bb5 36. Rc5 Rxe6 37. Rxb5 Rxf6 38. Rb7 a5 39. Ra7 Rf5 40. Bc6 Be5
41. Ra8+ Kg7 42. Kg2 Bd4 43. f3 Rc5 44. Be4 Rb5 45. Ra6 Rb2+ 46. Kf1 Rf2+ 47.
Ke1 Rh2 48. Kf1 Rf2+ 49. Ke1 Rh2 50. Kf1 Bc3 51. Ra7+ Kh6 52. Bd5 Rxh3 53. Kg2
Rh5 54. Bg8 Bg7 55. Kg3 Rg5+ 56. Kh3 Rf5 57. Kg2 Rf8 58. Bd5 Bc3 59. Rc7 Bb4
60. Ra7 Rh8 61. Kg3 Bd2 62. Kg4 Rd8 63. Be6 Rd4+ 64. Kh3 Rd8 65. Kg4 Bc3 66.
Rc7 Bb4 67. Ra7 Rd4+ 68. Kh3 Rd8 69. Kg4 Re8 70. Bc4 Re7 71. Ra6 Kg7 72. Bd3
Bd2 73. Be4 Rf7 74. Kg3 Bf4+ 75. Kh3 Bc7 76. Rc6 Bd8 77. Ra6 Rf6 78. Ra7+ Rf7
79. Ra6 Re7 80. Rd6 Bc7 81. Ra6 Re5 82. Rc6 Bd8 83. Rd6 Bf6 84. Rd7+ Re7 85.
Rd6 Ra7 86. Bd5 a4 87. Rc6 a3 88. Ba2 Rb7 89. Ra6 Be7 90. Bd5 Rb2 91. Bc4 Rd2
92. Ra7 Kf6 93. Ra6+ Bd6 94. Ra7 Rh2+ 0-1

[Event "Liga Madrileña - DH 2012-2013"]
[Site "Madrid ESP"]
[Date "2012.12.02"]
[Round "3.24"]
[White "Rubio Mejia, Luis Ignacio"]
[Black "Reyes Larena, Juan"]
[Result "1-0"]
[WhiteElo "2432"]
[BlackElo "2441"]
[PlyCount "55"]
[EventDate "2012.11.18"]
[EventRounds "14"]
[EventCountry "ESP"]
[Source "lmi"]
[SourceDate "2012.11.18"]
[WhiteTeam "Virgen de Atocha"]
[BlackTeam "Collado Villalba"]
[WhiteTeamCountry "ESP"]
[BlackTeamCountry "ESP"]

1. d4 g6 2. c4 Bg7 3. Nc3 d6 4. Nf3 Bg4 5. e3 Nf6 6. Be2 O-O 7. O-O Re8 8. e4
Nc6 9. d5 Bxf3 10. Bxf3 Na5 11. Be2 c5 12. Bg5 h6 13. Be3 e6 14. Qc2 exd5 15.
exd5 Nd7 16. Rae1 Ne5 17. b3 f5 18. Bd2 a6 19. f4 Nd7 20. g4 Bd4+ 21. Kh1 Qf6
22. gxf5 gxf5 23. Bd3 Rxe1 24. Rxe1 Rf8 25. Ne2 b6 26. Ng3 Qh4 27. Nxf5 Qf2 28.
Rf1 1-0

[Event "Liga Madrileña - DH 2012-2013"]
[Site "Madrid ESP"]
[Date "2012.12.02"]
[Round "3.25"]
[White "Herrera, Irisberto"]
[Black "Rabadan Velasco, Raul"]
[Result "1-0"]
[WhiteElo "2444"]
[BlackElo "2310"]
[PlyCount "93"]
[EventDate "2012.11.18"]
[EventRounds "14"]
[EventCountry "ESP"]
[Source "lmi"]
[SourceDate "2012.11.18"]
[WhiteTeam "Collado Villalba"]
[BlackTeam "Virgen de Atocha"]
[WhiteTeamCountry "ESP"]
[BlackTeamCountry "ESP"]

1. e4 c5 2. Nf3 d6 3. d4 cxd4 4. Nxd4 Nf6 5. Nc3 e6 6. Be2 a6 7. a4 b6 8. O-O
Bb7 9. Bd3 Nbd7 10. Kh1 Be7 11. f4 O-O 12. Qe2 Qc7 13. Bd2 Rfe8 14. Rae1 Nc5
15. Qf2 d5 16. e5 Nfe4 17. Bxe4 Nxe4 18. Nxe4 dxe4 19. c3 Bf8 20. Be3 Bd5 21.
Qg3 Kh8 22. f5 exf5 23. Nxf5 Qxe5 24. Qxe5 Rxe5 25. Bxb6 a5 26. Nd4 Ra6 27. Bc7
Re7 28. Rf5 Rd7 29. Bg3 f6 30. h3 g6 31. Rf2 f5 32. Rd2 Bh6 33. Be5+ Kg8 34.
Rdd1 Bc4 35. Nxf5 Bd2 36. Nh6+ Kf8 37. Rxe4 Bb3 38. Rf1+ Ke7 39. Bd4+ Kd8 40.
Ng4 Kc8 41. Ne5 Re7 42. Rf8+ Kb7 43. Nd3 Rxe4 44. Nc5+ Kc6 45. Nxe4 Bc1 46.
Rf6+ Kd5 47. Rxa6 1-0

[Event "Liga Madrileña - DH 2012-2013"]
[Site "Madrid ESP"]
[Date "2012.12.02"]
[Round "3.26"]
[White "Fernandez Barrera, Victor"]
[Black "Cao Armillas, Jesus"]
[Result "1-0"]
[WhiteElo "2312"]
[BlackElo "2173"]
[PlyCount "101"]
[EventDate "2012.11.18"]
[EventRounds "14"]
[EventCountry "ESP"]
[Source "lmi"]
[SourceDate "2012.11.18"]
[WhiteTeam "Virgen de Atocha"]
[BlackTeam "Collado Villalba"]
[WhiteTeamCountry "ESP"]
[BlackTeamCountry "ESP"]

1. e4 c5 2. Nf3 d6 3. d4 cxd4 4. Nxd4 Nf6 5. Nc3 a6 6. Bg5 e6 7. f4 Be7 8. Qf3
Qc7 9. O-O-O Nbd7 10. Bd3 h6 11. Qh3 Nb6 12. Rhe1 e5 13. Nf5 Bxf5 14. exf5
O-O-O 15. Bh4 Rhe8 16. Ne4 Nbd7 17. fxe5 dxe5 18. Bf2 Bb4 19. c3 Ba5 20. Qg3
Rg8 21. Bc2 Qc6 22. Nd6+ Kb8 23. Nxf7 Rde8 24. Rd6 Qc7 25. Rdd1 Re7 26. Nd6 Qc6
27. Ne4 Bc7 28. Qf3 Nb6 29. Bb3 Rge8 30. Bh4 Rf8 31. Qe2 Ree8 32. Nxf6 gxf6 33.
Qe4 Qc5 34. Rd2 Rd8 35. Rxd8+ Bxd8 36. Qe3 Nd7 37. Qxh6 Be7 38. Rd1 Qc6 39. Qg7
Bd6 40. Qg4 Nc5 41. Bd5 Qb5 42. Qc4 Qa5 43. Bf3 Be7 44. Kb1 Rc8 45. Rd5 b5 46.
Qe2 Qa4 47. Bg3 Ka7 48. Qd1 Qc4 49. Bf2 Rc7 50. Rd7 Kb8 51. Rxe7 1-0

[Event "Liga Madrileña - DH 2012-2013"]
[Site "Madrid ESP"]
[Date "2012.12.02"]
[Round "3.31"]
[White "Pilgaard, Kim"]
[Black "Valles Moreno, Ivan"]
[Result "1-0"]
[WhiteElo "2432"]
[BlackElo "2382"]
[PlyCount "77"]
[EventDate "2012.11.18"]
[EventRounds "14"]
[EventCountry "ESP"]
[Source "lmi"]
[SourceDate "2012.11.18"]
[WhiteTeam "Cafe Comercial"]
[BlackTeam "Amigos del Retiro"]
[WhiteTeamCountry "ESP"]
[BlackTeamCountry "ESP"]

1. e4 c5 2. Nf3 Nc6 3. d4 cxd4 4. Nxd4 Nf6 5. Nc3 d6 6. Bg5 e6 7. Qd2 a6 8.
O-O-O Bd7 9. f4 Be7 10. Kb1 b5 11. Bxf6 gxf6 12. Nxc6 Bxc6 13. Qe3 Qc7 14. f5
Qa7 15. Qh3 b4 16. Ne2 e5 17. Qf3 Qc5 18. Nc1 a5 19. Nd3 Qb6 20. Nf2 a4 21. Bc4
Qc5 22. Qe2 Rc8 23. b3 h5 24. Rd2 Bd8 25. Rhd1 Bc7 26. g4 axb3 27. Bxb3 Bb6 28.
gxh5 Qxf2 29. Qa6 O-O 30. Rxf2 Bxf2 31. Qe2 Bd4 32. Qg4+ Kh7 33. Bxf7 Rg8 34.
Bg6+ Kh8 35. Rxd4 exd4 36. Qf4 Rg7 37. Qxd6 Bxe4 38. Qxf6 Bxc2+ 39. Kb2 1-0

[Event "Liga Madrileña - DH 2012-2013"]
[Site "Madrid ESP"]
[Date "2012.12.02"]
[Round "3.32"]
[White "Vallejo Diaz, Javier"]
[Black "Ortega Ruiz, Jose Miguel"]
[Result "1/2-1/2"]
[WhiteElo "2401"]
[BlackElo "2323"]
[PlyCount "39"]
[EventDate "2012.11.18"]
[EventRounds "14"]
[EventCountry "ESP"]
[Source "lmi"]
[SourceDate "2012.11.18"]
[WhiteTeam "Amigos del Retiro"]
[BlackTeam "Cafe Comercial"]
[WhiteTeamCountry "ESP"]
[BlackTeamCountry "ESP"]

1. e4 e5 2. Nf3 Nc6 3. Bb5 a6 4. Ba4 Nf6 5. d3 b5 6. Bb3 Be7 7. O-O d6 8. c3
O-O 9. Re1 Na5 10. Bc2 c5 11. Nbd2 Re8 12. Nf1 Bf8 13. Bg5 h6 14. Bh4 Be7 15.
Ne3 Ng4 16. Bxe7 Qxe7 17. Nd5 Qd8 18. a4 Bb7 19. d4 Nc4 20. b3 1/2-1/2

[Event "Liga Madrileña - DH 2012-2013"]
[Site "Madrid ESP"]
[Date "2012.12.02"]
[Round "3.33"]
[White "Castellanos Vazquez, Jorge"]
[Black "Sanchez Gonzalez, Sergio"]
[Result "0-1"]
[WhiteElo "2191"]
[BlackElo "2295"]
[PlyCount "58"]
[EventDate "2012.11.18"]
[EventRounds "14"]
[EventCountry "ESP"]
[Source "lmi"]
[SourceDate "2012.11.18"]
[WhiteTeam "Cafe Comercial"]
[BlackTeam "Amigos del Retiro"]
[WhiteTeamCountry "ESP"]
[BlackTeamCountry "ESP"]

1. e4 c5 2. Nf3 d6 3. Bb5+ Nc6 4. O-O Bd7 5. Re1 a6 6. Bf1 Nf6 7. h3 g6 8. c3
Bg7 9. d4 e5 10. d5 Ne7 11. a4 O-O 12. a5 Nh5 13. g4 Nf4 14. Bxf4 exf4 15. Nbd2
f5 16. gxf5 gxf5 17. e5 dxe5 18. Nxe5 Bxe5 19. Rxe5 Ng6 20. Re1 Kh8 21. Nf3 Nh4
22. Kh2 Rg8 23. Nxh4 Qxh4 24. Qf3 Be8 25. Rxe8 Raxe8 26. Ra4 Re4 27. c4 Qf6 28.
b4 Qg7 29. Bg2 Rxc4 0-1